<?xml version="1.0" encoding="UTF-8"?>
<record
    xmlns:xsi="http://www.w3.org/2001/XMLSchema-instance"
    xsi:schemaLocation="http://www.loc.gov/MARC21/slim http://www.loc.gov/standards/marcxml/schema/MARC21slim.xsd"
    xmlns="http://www.loc.gov/MARC21/slim">

  <leader>00250nam a2200097Ia 4500</leader>
  <controlfield tag="001">1204032</controlfield>
  <controlfield tag="005">20250827022720.0</controlfield>
  <controlfield tag="008">250824s9999    xx            000 0 und d</controlfield>
  <datafield tag="245" ind1=" " ind2="0">
    <subfield code="a">AFACANLAR &#xC7;ETES&#x130;</subfield>
    <subfield code="c">NESR&#x130;N AYDIN ERDEM</subfield>
  </datafield>
  <datafield tag="260" ind1=" " ind2=" ">
    <subfield code="b">&#xC7;OCUK GEZG&#x130;N&#x130;</subfield>
  </datafield>
  <datafield tag="999" ind1=" " ind2=" ">
    <subfield code="c">1204032</subfield>
    <subfield code="d">1204032</subfield>
  </datafield>
  <datafield tag="952" ind1=" " ind2=" ">
    <subfield code="0">0</subfield>
    <subfield code="1">0</subfield>
    <subfield code="4">0</subfield>
    <subfield code="7">0</subfield>
    <subfield code="a">1100</subfield>
    <subfield code="b">1100</subfield>
    <subfield code="d">2025-08-24</subfield>
    <subfield code="l">2</subfield>
    <subfield code="p">110010451</subfield>
    <subfield code="q">2026-05-09</subfield>
    <subfield code="r">2026-04-24 11:29:10</subfield>
    <subfield code="s">2026-04-24</subfield>
    <subfield code="w">2025-08-27</subfield>
    <subfield code="y">BK</subfield>
  </datafield>
</record>
